| 000 | 00617nam a22002052 4500 | ||
|---|---|---|---|
| 001 | 0000012017 | ||
| 005 | 20151217152105.0 | ||
| 008 | 090125s xx 000 0 eng d | ||
| 020 | _a1850786704 : | ||
| 040 |
_aKABU _cKABU |
||
| 100 | 1 |
_aFrost, Rob. _@0000168185 |
|
| 245 | 1 | 0 |
_aFive things I wish they'd told me when I became a christian / _cRob Frost. |
| 250 | _a1st ed. | ||
| 260 |
_aMilton Keynes, UK. : _bAuthentic Media, _c2006. |
||
| 300 | _avii, 182 p. | ||
| 650 | 0 |
_aChristian life. _@0000149167 |
|
| 852 | 1 | _9p690 KES | |
| 908 | _a090125 | ||
| 950 | _@1 | ||
| 999 |
_c8149 _d8149 |
||